00835nam a2200193Ia 4500003000900000008004100009020002200050040001600072080002200088110004000110245010000150260005400250300001300304650007900317650008000396942000700476999001700483952014100500IN-BaIIA211028s9999 xx 000 0 eng d a978-0-7354-1177-7 cIIA Library a(058)378(73)bGRA aAmerican Institute of Physics92416 0a2014 Graduate programs in physics, astronomy and related fieldscAmerican institute of physics  aCollege parkbAmerican institute of physicsc2013 av, 728p. aAstronomy - study and teaching (Higher) United States - directories932024 aPhysics - study and teaching (Higher) -- United States - directories932025 cBK c19069d19069 00104070aBANbBANcGENd2015-07-08eEDS g11927.00l0o(058)378(73)/ GRAp19991r2021-11-05v11927.00w2015-07-08yBKGRs. 11927.00